Ing. Eduard Pikna navždy opustil rady zváračských odborníkov

Podrobná bibliografia
Médium: Článok
Jazyk:slovenčina
Fyzický popis:Fotogr.
ISSN:0044-5525
Predmet:

MARC

LEADER 00000nab a2200000 a 4500
001 vtls009188272
003 SK-MaSNL
005 20260304151410.0
008 250506c2007 xo |||||||||||000 b|slo
015 |a SNBRB2008/03  |2 snkbucl 
035 |a (sysno)vtls009188272 
035 |a urn:nbn:sk:snk-ab6own 
035 |a (uuid)423fa4d3-8e69-44b0-ad6a-2ff3b21dc8c8 
035 |a (urnnbn)urn:nbn:sk:snk:ar-005pco 
038 |a SNKBUCL 
040 |a SNKBUCL  |b slo  |c SNKBUCL  |e AACR2 
041 0 |a slo 
044 |a xo  |c SK 
080 |a 621.791-051  |2 2001 
080 |a 929 Pikna, Eduard  |2 2001 
245 0 0 |a Ing. Eduard Pikna navždy opustil rady zváračských odborníkov  |c bývalí spolupracovníci a priatelia 
300 |b Fotogr. 
600 1 7 |a Pikna, Eduard,  |d 1923-2007  |2 snkbucl  |9 222096 
773 0 |t Zváranie = Svařování  |g Roč. 56, č. 11-12 (2007), s. 349  |x 0044-5525 
850 |a Slovenská národná knižnica 
852 |a Slovenská národná knižnica 
954 |a odborná, vedecká literatúra pôvodná (slovenská)  |2 lita 
958 |a article 
958 |a OND 
958 |a SK 
958 |a BX 
958 |a EUIPO 
999 |c 2943367  |d 2945297